Správa a riadenie podnikov [seminárny bulletin, Bratislava 20. apríl 2000]

Gespeichert in:
Bibliographische Detailangaben
Format: Buch
Sprache:Slowakisch
Englisch
Veröffentlicht: Bratislava Milan Kisztner - PRI 2000
Schlagworte:
Tags: Tag hinzufügen
Keine Tags, Fügen Sie das erste Tag hinzu!

MARC

LEADER 00000nam a2200000 4500
001 c123934
005 20240104101133.7
041 0 |a slo 
041 0 |a eng 
044 |a SK 
245 1 0 |a Správa a riadenie podnikov  |b [seminárny bulletin, Bratislava 20. apríl 2000] 
264 1 |a Bratislava  |b Milan Kisztner - PRI  |c 2000 
300 |a 58, 60 s. 
610 2 0 |a podnik 
610 2 0 |a riadenie podnikové 
610 2 0 |a stratégia podniková 
610 2 0 |a spoločnosti obchodné 
610 2 0 |a právo hospodárske 
610 2 0 |a podnikanie 
610 2 0 |a spoločnosti akciové 
610 2 0 |a riadenie výroby 
610 2 0 |a Slovensko 
610 2 0 |a USA